Bharatha Pariyadanam (Record no. 91566)

MARC details
000 -LEADER
fixed length control field 00379nam a2200133Ia 4500
008 - FIXED-LENGTH DATA ELEMENTS--GENERAL INFORMATION
fixed length control field 211109s9999||||xx |||||||||||||| ||und||
082 ## - DEWEY DECIMAL CLASSIFICATION NUMBER
Classification number 894.8124
Item number KUT-B
100 ## - MAIN ENTRY--PERSONAL NAME
Personal name Kuttikrishna Marrar,
245 #0 - TITLE STATEMENT
Title Bharatha Pariyadanam
260 ## - PUBLICATION, DISTRIBUTION, ETC.
Name of publisher, distributor, etc. Rani Book Stall
Place of publication, distribution, etc. Kozhikode
Date of publication, distribution, etc. 1959
630 ## - SUBJECT ADDED ENTRY--UNIFORM TITLE
General subdivision General Stack
650 ## - SUBJECT ADDED ENTRY--TOPICAL TERM
Topical term or geographic name entry element Malayalam Literature
942 ## - ADDED ENTRY ELEMENTS (KOHA)
Koha item type BOOK
650 ## - SUBJECT ADDED ENTRY--TOPICAL TERM
Form subdivision Malayalam EssaysGeneralia
Holdings
Withdrawn status Lost status Damaged status Not for loan Home library Current library Date acquired Total Checkouts Full call number Barcode Shelving location Date last seen Price effective from Koha item type
        SB LIBRARY SB LIBRARY 09/11/2021   894.8124 KUT-B 00076506 GENERAL STACK 09/11/2021 09/11/2021 BOOK

Powered by Koha